| 000 | 00855cab a2200253 4500 | ||
|---|---|---|---|
| 001 | ABS58563 | ||
| 008 | 090401t1998 xxu||||| |||| 00| 0 eng d | ||
| 035 | _a(Sirsi) u85558 | ||
| 041 | _aeng | ||
| 100 | _aButler, J. | ||
| 245 | _aTurn on the power | ||
| 260 | _c1998 | ||
| 350 | _a0 | ||
| 490 |
_aAccountancy _v121(1256) April 1998, 38-39(2) |
||
| 520 | _aAn optimistic view of renewable energy schemes in the UK after the Deputy PM`s announcement that emissions of greenhouse gases would be cut by 10% by 2010, and 20% by 2025. Summarises viability of each source of renewable energy. | ||
| 650 | _aENERGY CONSERVATION | ||
| 650 | _aLANDFILL GAS | ||
| 650 | _aRENEWABLE ENERGY SOURCES | ||
| 650 | _aRENEWABLE ENERGY | ||
| 650 | _aWIND POWER | ||
| 690 | _aENVIRONMENTAL AND LAND CONSULTANCY-ENERGY | ||
| 942 | _n0 | ||
| 948 | _c14/04/1998 | ||
| 999 |
_c53800 _d53800 |
||